Geography Quiz

Random Geography or World Quiz
Score 0/16 Timer 02:00
26 Plays Today
% Correct
Canada
94.3%
China
93.8%
Chile
93.2%
Colombia
88%
Cuba
87.5%
Chad
85.8%
Cambodia
83.6%
Czechia
80.8%
% Correct
Croatia
79.3%
Costa Rica
78.6%
Central African Republic
72.5%
Cameroon
72.4%
Cote d'Ivoire
66.3%
Comoros
65.7%
Cyprus
64.4%
Cabo Verde
64.2%
Remove Ads.
Support Sporcle.
Get the best of Sporcle when you Go Orange. This ad-free experience offers more features, more stats, and more fun while also helping to support Sporcle. Thank you for becoming a member.

You're not logged in!

Compare scores with friends on all Sporcle quizzes.
OR
Log In

Show Comments

Extras

Top Quizzes Today


Score Distribution

Your Account Isn't Verified!

In order to create a playlist on Sporcle, you need to verify the email address you used during registration. Go to your Sporcle Settings to finish the process.

Report this User

Report this user for behavior that violates our Community Guidelines.

Details: